000 00539nam a22001932 4500
001 0000003163
005 20151217155819.0
008 070430s xx 000 0 eng d
040 _aKABU
_cKABU
050 0 _aHN773.5
_b.L56
100 1 _aLloyd, P. C.
_@0000152854
245 1 0 _aAfrica in Social change.
260 _aHammondsworth, England :
_bPenguin,
_c1967.
300 _a362 p.
651 0 _aAfrica
_xSocial Conditions.
_@0000152855
908 _a070430
950 _@1
999 _c12783
_d12783